000 00621nam a2200277Ia 4500
005 20260324133832.0
008 008 260324s9999 xx 000 0 eng d
020 _a9780203302750
037 _aEBOOK
040 _aCRL
040 _beng
040 _cCRL
041 _2eng
041 _aeng
084 _qCRL
100 _aYuki Tanaka
_91194580
245 0 _aJapan's Comfort Women
260 _bTaylor and Francis
260 _c2002
365 _a
365 _b240
856 _uhttp://www.taylorfrancis.com/books/9780203302750
942 _cEBOOK
999 _c1794029
_d1794029